00478nam a22001572 4500001001100000005001700011008004100028040001500069100003000084245007300114250001300187260003000200300001800230650006900248852000300317000001167220151217155845.0081222s xx 000 0 eng d aKABUcKABU1 aDownes, W. D.@000016763410aWith the Nigerians in German East Africa /cby Captain W. D. Downes. a1st ed. aLondon :bMethuen,c1919. axiii, 352 p. 0aWorld War, 1914-1918xCampaignszGerman East Africa.@00001614491